Champions League - Statistics

Estatísticas Gerais
  • Esse quiz foi jogado 436 vezes
  • A pontuação média é 9 de 15
Estatísticas das Respostas
Hint Resposta % Correto
Qual é a equipa que mais ganhou a Champions League? Real Madrid
100%
Quem foi o primeiro campeão da champios? Real Madrid
100%
Em que Continente é realizada a Champions legaue? Europa
89%
Qual foi o último clube a ganhar a Champions League? Chelsea
87%
Caso o clube termine em terceiro lugar na fase de grupos da Champions League para qual competição ele vai ? Europa League
79%
Qual é o maior vice da champions? Juventus
66%
Quem foi vice da champions league em 2005? Milan
66%
Qual é o jogador com mais golos na Champions? Ronaldo
66%
Quando foi a primeira edição da Champions League? 1955-1956
64%
Em qual país foi sediado para a final da Champions League de 2018(Liverpool vs Real Madrid)? Ucrânia
50%
Em que estádio foi disputado a final da Champions 2010/11? Wembley
44%
Qual estádio recebeu mais finais? Wembley
44%
Para que equipa o Barcelona foi eliminado na champions de 2010? Inter de Milão
43%
Qual jogador ganhou mais champions league? Francisco Gento
27%
Qual clube foi campeão da Champions League de 2001? Barbey de Munique
4%
Nenhum quiz correspondente encontrado
Distribuição das Pontuações
Porcentagem de Pessoas com Cada Pontuação
Percentil de Números Respondidos
Sua Pontuação Histórica
Você não jogou esse quiz